Chinese rewainder theorem : Applications in computing coding, cryptography

Salvato in:
Dettagli Bibliografici
Autori principali: Ding, Cunsheng (Autore), Pei, Dingyi (Autore), Salomaa, Arto (Autore)
Natura: Libro
Lingua:inglese
Pubblicazione: Singapore : World Scientific, 1996
Soggetti:
Tags: Aggiungi Tag
Nessun Tag, puoi essere il primo ad aggiungerne!!

MARC

LEADER 00000nam a22000003a 4500
001 stu76498
005 20150617225646.2
008 020709s1996----si------------------eng-d
020 |a 981-02-2827-9 
040 |a STU  |b slo 
041 0 |a eng 
044 |a si 
080 |a 004.056.53 
080 |a 519.72 
084 |a B6120B  |2 INS  |7 stu_us_auth*stu6506 
084 |a C1260  |2 INS  |7 stu_us_auth*stu7143 
084 |a C6130  |2 INS 
100 1 |a Ding, Cunsheng  |4 aut 
245 1 |a Chinese rewainder theorem :  |b Applications in computing coding, cryptography 
260 |a Singapore :  |b World Scientific,  |c 1996 
300 |a 213 s 
650 7 |a kryptológia  |2 stusub 
650 7 |a kryptoanalýza  |2 stusub 
650 7 |a kryptosystémy  |2 stusub 
650 7 |a zabezpečenie dát  |2 stusub 
700 1 |a Pei, Dingyi  |4 aut 
700 1 |a Salomaa, Arto  |4 aut 
996 |b 284EK88410  |c E*88410  |l EE22  |s P  |a 0  |w stu76498_0001 
996 |b 284EK84520  |c E*84520  |l EE03  |s P  |a 0  |w stu76498_0002